000 01168nam2a22002411 4500
001 v19\rc\1968085
005 20080428182709.0
035 _a(NLR Aleph) 005055190
090 _a6937026
_c6937026
100 _a20080428d1914 |||y0rusy50 ca
101 1 _arus
_alat
_clat
102 _aRU
105 _ab z |||||
200 0 _aЧ. 1
_fВ обраб. С. Манштейна
210 _d1914
215 _a171 с. разд. паг., 2 л. карт.
461 0 _1001v19\rc\1968084
_12001#$aЭнеида в сокращении$eИзбр. места из поэмы с ввод. ст., указ. собств. имен, 2 геогр. карт., введ., примеч. и рис.$eПреимущественно для курсорного чтения$fП. Вергилий Марон$gОбраб. С.И. Гинтовт, А.И. Малеин и С.А. Манштейн$vЧ. 1
_1700#1$aВергилий Марон$bП.$f70-19 до н. э.$gПублий$6z01790
702 1 _aМанштейн
_bС. А.
_f1858-
_gСергей Андреевич
_4570
801 0 _aRU
_bNLR
_gpsbo
801 1 _aRU
_bProSoft-M
_2rusmarc
852 _aNLR
_j37.46.3.95
942 _cBOOK
980 _aNB